Romans: (Record no. 427)

000 -LEADER
fixed length control field 00654nam a2200181 a 4500
001 - CONTROL NUMBER
control field :::00013581$&:&@@
003 - CONTROL NUMBER IDENTIFIER
control field OkBaRHE
005 - DATE AND TIME OF LATEST TRANSACTION
control field 20100324120506.0
008 - FIXED-LENGTH DATA ELEMENTS--GENERAL INFORMATION
fixed length control field s1973 j 000 0 eng u
040 ## - CATALOGING SOURCE
Transcribing agency
100 1# - MAIN ENTRY--PERSONAL NAME
Personal name Lloyd-Jones, David Martyn.
245 10 - TITLE STATEMENT
Title Romans:
Remainder of title an exposition of chapter 7.1-8.4; the law, its functions and limits.
260 ## - PUBLICATION, DISTRIBUTION, ETC. (IMPRINT)
Place of publication, distribution, etc Grand Rapids, MI., :
Name of publisher, distributor, etc Zondervan
Date of publication, distribution, etc 1973
300 ## - PHYSICAL DESCRIPTION
Extent xii, 359 p. ;
Dimensions 23 cm.
650 ## - SUBJECT ADDED ENTRY--TOPICAL TERM
Topical term or geographic name as entry element Bible New Testament Romans 7:1-8:4
General subdivision Criticism, Interpretation, etc.
942 ## - ADDED ENTRY ELEMENTS (KOHA)
Source of classification or shelving scheme
Koha item type Books
Copies
Copy number Barcode Collection code Permanent Location Koha item type Shelving location Lost status Withdrawn status Price effective from Damaged status Full call number Date acquired Date last seen Source of classification or shelving scheme Not for loan
113581ReferenceRHEMA Bible Training CollegeBooksGeneral Stacks  2010-04-14 BS 2665.4 .L5822010-04-142018-03-28